A központi Szakszervezeti Tanács elnökségének a ROH tagsági igazolványainak kicserélésére vonatkozó határozata

Bibliographic Details
Format: Book
Language:Hungarian
PhysicalDescription:15, [1] s. V. 8°
Published: Bratislava ÚRO v nakl. Práca 1955
Subjects:

MARC

LEADER 00000cam a2200000 a 4500
001 vtls008361771
003 SK-MaSNL
005 20260311124713.0
008 181109s1955 xo 000 0 hun
015 |a SKSNBA19451955-005842 
035 |a SK01SNKBKSFS20010053988 
035 |a SKM000056451 
040 |a SNK  |b slo  |c SNK  |e AACR2 
041 0 |a hun 
044 |a xo  |c SK 
080 |a 331.88  |2 1981 
245 0 0 |a A központi Szakszervezeti Tanács elnökségének a ROH tagsági igazolványainak kicserélésére vonatkozó határozata 
260 |a Bratislava  |b ÚRO v nakl. Práca  |c 1955  |e Bratislava  |f Polygraf. závody 
300 |a 15, [1] s.  |c V. 8° 
500 |a Ob. tit. 
610 2 7 |a Revolučné odborové hnutie.  |b Ústredná rada odborov  |2 SNKKA  |9 180099 
650 0 7 |a odbory  |2 SNKPH  |9 2328 
651 7 |a Československo  |2 SNKPHgeo  |9 21376 
655 7 |a knihy  |2 SNKPH  |9 307098 
655 7 |a uznesenia  |2 SNKPH  |9 70216 
852 |a Slovenská národná knižnica v Martine  |b 10000  |h SC 10146 
958 |a OND 
958 |a RK 
958 |a TL 
999 |c 675694  |d 677624 
952 |a SNK  |b SNK  |y PREZ  |7 0  |p 17A0425834  |o snkSD 10146  |i snk1353/55  |0 0  |1 0  |4 0  |d 2004-05-24  |l 0  |r 2025-11-24 00:00:00  |w 2026-02-23 
952 |a SNK  |b SNK  |y VYP  |7 0  |p 17A1186716  |o snkSD 10146 D1  |i snkI. 9504/55  |0 0  |1 0  |4 0  |d 2016-12-29  |l 0  |r 2026-02-23 19:40:45  |w 2026-02-23